Lombard Street a description of the money market /

Bibliographic Details
Main Author: Bagehot, Walter, 1826-1877.
Corporate Author: ProQuest (Firm)
Format: Electronic eBook
Language:English
Published: Kitchener, Ont. : Batoche, 2001.
Subjects:
Online Access:Click to View
LEADER 01206nam a2200325Ia 4500
001 EBC3117773
003 MiAaPQ
005 20200520144314.0
006 m o d |
007 cr cn|||||||||
008 790307s2001 onc s 000 0 eng d
035 |a (MiAaPQ)EBC3117773 
035 |a (Au-PeEL)EBL3117773 
035 |a (CaPaEBR)ebr5000115 
035 |a (OCoLC)842680664 
040 |a MiAaPQ  |c MiAaPQ  |d MiAaPQ 
050 4 |a HG3000.L82  |b B3 2001 
100 1 |a Bagehot, Walter,  |d 1826-1877. 
245 1 0 |a Lombard Street  |h [electronic resource] :  |b a description of the money market /  |c Walter Begehot. 
260 |a Kitchener, Ont. :  |b Batoche,  |c 2001. 
300 |a 199, [200] p. 
500 |a Notes : [200]. 
533 |a Electronic reproduction. Ann Arbor, MI : ProQuest, 2015. Available via World Wide Web. Access may be limited to ProQuest affiliated libraries. 
650 0 |a Banks and banking  |z England  |z London. 
650 0 |a Banks and banking  |z Great Britain. 
650 0 |a Finance  |z England  |z London. 
650 0 |a Finance  |z Great Britain. 
655 4 |a Electronic books. 
710 2 |a ProQuest (Firm) 
856 4 0 |u https://ebookcentral.proquest.com/lib/matrademy/detail.action?docID=3117773  |z Click to View